[Event "TUN-ch"]
[Site "Sfax"]
[Date "2022.01.29"]
[Round "9"]
[White "Hbacha, Achraf"]
[Black "Zaibi, Amir"]
[Result "0-1"]
[WhiteElo "2187"]
[BlackElo "2423"]
[PlyCount "106"]
[EventDate "2022.01.22"]
[EventType "tourn"]
[EventRounds "11"]
[EventCountry "TUN"]
[SourceTitle "CBM 206 Extra"]
[Source "ChessBase"]
[SourceDate "2022.03.31"]
[SourceVersion "1"]
[SourceVersionDate "2022.03.31"]
[SourceQuality "1"]

1. e4 e6 2. d4 d5 3. Nc3 Nf6 4. Bg5 Be7 5. e5 Nfd7 6. Be3 c5 7. Qg4 g6 8. Nf3 Nc6 9. Bb5 cxd4 10. Nxd4 Ndxe5 11. Qg3 Bd7 12. h4 Bf6 13. 0-0-0 a6 14. Ba4 Nc4 15. Bb3 Nxe3 16. Qxe3 Bxd4 17. Rxd4 Nxd4 18. Qxd4 0-0 19. h5 Bc6 20. f4 Re8 21. g4 e5 22. Qd3 Qf6 23. hxg6 Qxg6 24. f5 Qg5+ 25. Kb1 Rad8 26. Nxd5 Bxd5 27. Bxd5 Rd7 28. c4 Qxg4 29. Qe3 Qxf5+ 30. Be4 Qf6 31. Bxh7+ Kf8 32. Qa3+ Qd6 33. c5 Qc6 34. Re1 Rd4 35. Qg3 Qxc5 36. Qg8+ Ke7 37. Qg5+ Kd7 38. Qf5+ Re6 39. Rc1 Qe7 40. Qh3 Qh4 41. Qf5 Qf4 42. Qh3 Ke7 43. Rf1 Qh4 44. Qa3+ Ke8 45. Bc2 Rf6 46. Rg1 Qf2 47. Ba4+ b5 48. Rg8+ Kd7 49. Bxb5+ axb5 50. Qa7+ Ke6 51. Qa6+ Kf5 52. Qc8+ Re6 53. Qc1 Rd2 0-1

[Event "TUN-ch"]
[Site "Sfax"]
[Date "2022.01.26"]
[Round "6"]
[White "Zaibi, Amir"]
[Black "Hergli, Amir"]
[Result "1-0"]
[WhiteElo "2423"]
[BlackElo "2070"]
[PlyCount "57"]
[EventDate "2022.01.22"]
[EventType "tourn"]
[EventRounds "11"]
[EventCountry "TUN"]
[SourceTitle "CBM 206 Extra"]
[Source "ChessBase"]
[SourceDate "2022.03.31"]
[SourceVersion "1"]
[SourceVersionDate "2022.03.31"]
[SourceQuality "1"]

1. e4 d6 2. d4 g6 3. Nc3 Bg7 4. Nf3 Bg4 5. Bc4 e6 6. Be3 c6 7. h3 Bxf3 8. Qxf3 d5 9. exd5 cxd5 10. Nxd5 Nc6 11. Nc3 Nge7 12. Rd1 0-0 13. 0-0 Nf5 14. Ne2 e5 15. dxe5 Nxe5 16. Qxb7 Qh4 17. Bb3 Rab8 18. Qxa7 Rb4 19. Bc5 Rg4 20. Rd3 Nxd3 21. Bxf8 Rxg2+ 22. Kxg2 Qe4+ 23. Kg1 Ne5 24. f4 Nh4 25. Rf2 Nhf3+ 26. Rxf3 Qxe2 27. fxe5 Qxf3 28. Qxf7+ Qxf7 29. Bxg7 1-0

[Event "Sousse BICA op 1st"]
[Site "Sousse"]
[Date "2021.12.26"]
[Round "4"]
[White "Zaibi, Amir"]
[Black "Iskandarov, Misratdin"]
[Result "0-1"]
[WhiteElo "2405"]
[BlackElo "2548"]
[PlyCount "64"]
[EventDate "2021.12.24"]
[EventType "swiss"]
[EventRounds "9"]
[EventCountry "TUN"]
[SourceTitle "CBM 205 Extra"]
[Source "ChessBase"]
[SourceDate "2022.01.31"]
[SourceVersion "1"]
[SourceVersionDate "2022.01.31"]
[SourceQuality "1"]

1. d4 Nf6 2. c4 e6 3. Nf3 b6 4. g3 Bb7 5. Bg2 Be7 6. 0-0 0-0 7. Re1 d5 8. cxd5 exd5 9. Nc3 Nbd7 10. Bf4 a6 11. Rc1 Rc8 12. Bh3 c5 13. Bg5 h6 14. Bxf6 Bxf6 15. dxc5 Rxc5 16. Bxd7 d4 17. Nxd4 Qxd7 18. e3 Qh3 19. f3 Rd8 20. Rc2 h5 21. Rf2 b5 22. a3 Re5 23. Rd2 h4 24. gxh4 Bxh4 25. Ree2 Rxd4 26. exd4 Rg5+ 27. Rg2 Bxf3 28. Qf1 Rg4 29. Nd1 Bf6 30. Ne3 Bxg2 31. Nxg2 Bxd4+ 32. Kh1 Rh4 0-1

[Event "Sousse BICA op 1st"]
[Site "Sousse"]
[Date "2021.12.25"]
[Round "3"]
[White "Chorfen, Youssef"]
[Black "Zaibi, Amir"]
[Result "0-1"]
[WhiteElo "1851"]
[BlackElo "2405"]
[PlyCount "60"]
[EventDate "2021.12.24"]
[EventType "swiss"]
[EventRounds "9"]
[EventCountry "TUN"]
[SourceTitle "CBM 205 Extra"]
[Source "ChessBase"]
[SourceDate "2022.01.31"]
[SourceVersion "1"]
[SourceVersionDate "2022.01.31"]
[SourceQuality "1"]

1. c4 c5 2. g3 Nc6 3. Bg2 g6 4. Nf3 Bg7 5. 0-0 d6 6. Nc3 e6 7. e3 Nge7 8. d4 0-0 9. b3 Nf5 10. Ne2 e5 11. dxe5 dxe5 12. Qxd8 Rxd8 13. Ng5 Nfe7 14. Ba3 b6 15. Rad1 Bg4 16. Bf3 Bd7 17. Ne4 f5 18. N4c3 e4 19. Bg2 Ne5 20. Bb2 Bc6 21. Nf4 Kf7 22. Ncd5 Nxd5 23. cxd5 Bb5 24. Ne6 Bxf1 25. Nxd8+ Rxd8 26. Kxf1 Ng4 27. Bxg7 Kxg7 28. h3 Nf6 29. f3 Rxd5 30. Rxd5 Nxd5 0-1

[Event "Sousse BICA op 1st"]
[Site "Sousse"]
[Date "2021.12.25"]
[Round "2"]
[White "Zaibi, Amir"]
[Black "Ayari, Mahmoud"]
[Result "1/2-1/2"]
[WhiteElo "2405"]
[BlackElo "1926"]
[PlyCount "65"]
[EventDate "2021.12.24"]
[EventType "swiss"]
[EventRounds "9"]
[EventCountry "TUN"]
[SourceTitle "CBM 205 Extra"]
[Source "ChessBase"]
[SourceDate "2022.01.31"]
[SourceVersion "1"]
[SourceVersionDate "2022.01.31"]
[SourceQuality "1"]

1. d4 Nf6 2. Nf3 e6 3. Bg5 d5 4. Nbd2 c5 5. e3 Nc6 6. c3 h6 7. Bh4 Bd6 8. Bb5 0-0 9. Qe2 Qb6 10. Bxf6 gxf6 11. 0-0 Ne7 12. Rab1 Qa5 13. dxc5 Bb8 14. b4 Qc7 15. e4 b6 16. Qe3 Kg7 17. c4 Bb7 18. cxd5 exd5 19. Rfc1 dxe4 20. Nxe4 Nf5 21. Qd3 Rd8 22. Nd6 Nxd6 23. cxd6 Qxd6 24. Qxd6 Bxd6 25. Bc6 Bxc6 26. Rxc6 Rac8 27. Rxc8 Rxc8 28. Kf1 Rc4 29. b5 Be5 30. Re1 Bd6 31. Rb1 Be5 32. Re1 Bd6 33. Rb1 1/2-1/2